00243nam a22000857a 4500082001700000100001700017245006300034260005000097300001000147 aTNC A99 H191 aHanda, Sunil aSelected Speaches of Krishan KantcCompiled by Sunil Handa aAhmedabadbEklavya Education Foundationc2008 a669p.